Les livres à vignettes du XVe au XVIII siècle (Record no. 152494)
[ view plain ]
| 000 -LEADER | |
|---|---|
| campo de control de longitud fija | 01364nam a2200337 4500 |
| 001 - NÚMERO DE CONTROL | |
| campo de control | 152494 |
| 003 - IDENTIFICADOR DE NÚMERO DE CONTROL | |
| campo de control | ES-MaACL |
| 005 - FECHA Y HORA DE LA ÚLTIMA TRANSACCIÓN | |
| campo de control | 20250729030353.0 |
| 008 - DATOS DE LONGITUD FIJA--INFORMACIÓN GENERAL | |
| campo de control de longitud fija | 931025s1891 fr afp |||| | fre d |
| 080 ## - NÚMERO DE LA CLASIFICACIÓN DECIMAL UNIVERSAL | |
| Número de la Clasificación Decimal Universal | 096.1"14/17" |
| 100 1# - ENTRADA PRINCIPAL--NOMBRE DE PERSONA | |
| Nombre de persona | Bouchot, Henri. |
| 9 (RLIN) | 126103 |
| 245 14 - MENCIÓN DEL TÍTULO | |
| Título | Les livres à vignettes du XVe au XVIII siècle |
| Resto del título | : l'histoire et l'art dans le livre, idée d'une collection documentaire, moyens d'y parvenir / |
| Mención de responsabilidad, etc. | par Henri Bouchot. |
| 246 35 - FORMA VARIANTE DEL TITULO | |
| Título propio/Titulo breve | Livres à vignettes |
| Fecha o designación secuencial | .1 |
| 260 ## - PUBLICACIÓN, DISTRIBUCIÓN, ETC. | |
| Lugar de publicación, distribución, etc. | Paris : |
| Nombre del editor, distribuidor, etc. | Édouard Rouveyre, |
| Fecha de publicación, distribución, etc. | 1891 ( |
| Fabricante | D. Dumoulin et Cie.) |
| 300 ## - DESCRIPCIÓN FÍSICA | |
| Extensión | 94 p., [3] h. de lám. grab., [6] p. : |
| Otras características físicas | il. ; |
| Dimensiones | 19 cm. |
| 490 1# - MENCIÓN DE SERIE | |
| Mención de serie | Bibliothèque des connaissances utiles aux amis des livres |
| 594 ## - Nota al título y mención de responsabilidad | |
| Nota al título y mención de responsabilidad | Ilustraciones de: Geoffroy Tory, Sébastien Leclerc, Moreau, Gravelot ... |
| 595 ## - | |
| -- | Tirada de 750 ejemp. |
| 597 ## - NOTA DE DESCRIPCIÓN FÍSICA | |
| NOTA DE DESCRIPCIÓN FÍSICA | 6 p. de propaganda ed. |
| 597 ## - NOTA DE DESCRIPCIÓN FÍSICA | |
| NOTA DE DESCRIPCIÓN FÍSICA | Ejemp. numerado. |
| 599 ## - NOTA A LAS ILUSTRACIONES | |
| NOTA A LAS ILUSTRACIONES | Grab. xil. intercalados en el texto. |
| 650 #4 - PUNTO DE ACCESO ADICIONAL DE MATERIA--TÉRMINO DE MATERIA | |
| Término de materia o nombre geográfico como elemento de entrada | Libros ilustrados- |
| Subdivisión de forma | Historia. |
| 9 (RLIN) | 146416 |
| 650 07 - PUNTO DE ACCESO ADICIONAL DE MATERIA--TÉRMINO DE MATERIA | |
| Término de materia o nombre geográfico como elemento de entrada | Bibliofilia |
| Fuente del encabezamiento o término | embne |
| 9 (RLIN) | 10514 |
| 700 1# - ENTRADA AGREGADA--NOMBRE PERSONAL | |
| Nombre de persona | Gravelot. |
| 9 (RLIN) | 146458 |
| 700 1# - ENTRADA AGREGADA--NOMBRE PERSONAL | |
| Nombre de persona | Moreau, Jean-Michel. |
| 9 (RLIN) | 146459 |
| 700 1# - ENTRADA AGREGADA--NOMBRE PERSONAL | |
| Nombre de persona | Leclerc, Sébastien. |
| 9 (RLIN) | 146460 |
| 700 1# - ENTRADA AGREGADA--NOMBRE PERSONAL | |
| Nombre de persona | Tory, Geoffroy. |
| 9 (RLIN) | 146461 |
| 830 0# - PUNTO DE ACCESO ADICIONAL DE SERIE-TÍTULO UNIFORME | |
| Título uniforme | Bibliothèque des connaissances utiles aux amis des livres |
| 9 (RLIN) | 187713 |
| 852 ## - LOCALIZACIÓN | |
| Ubicación | ES-MaACL |
| Número de control de estantería | G-3428 |
| Nota libre | . - Hol. |
| Estatus retirado | Estado de pérdida | Estado de daño | No para préstamo | Colección | Biblioteca de origen | Biblioteca actual | Ubicación en estantería | Fecha de adquisición | Total de préstamos | Signatura topográfica completa | Código de barras | Visto por última vez | Precio de reemplazo | Tipo de ítem Koha |
|---|---|---|---|---|---|---|---|---|---|---|---|---|---|---|
| Libros del s. XIX | Biblioteca del Ateneo de Madrid | Biblioteca del Ateneo de Madrid | Depósito 2 | 17/01/2008 | G-3428 | 1159237 | 23/02/2023 | 23/02/2023 | Libro impreso antiguo |
